Estudios de derecho privado comn︢ y foral. T.I, Parte general y reales

Detalles Bibliográficos
Autor principal: Lacruz Berdejo, Jos ̌Luis
Autor Corporativo: Centro de Estudios Registrales (Espaą)
Otros Autores: Corral Dueąs, Francisco (ed. lit), Lacruz Bescs̤, Jos ̌Luis (ed. lit), Rams Albesa, Joaqun̕ (ed. lit)
Formato: Desconocido
Lenguaje:español
Publicado: [Madrid?] : Barcelona : Colegio de Registradores de la Propiedad y Mercantiles de Espaą, Centro de Estudios Registrales ; Bosch, D.L. 1992
Materias:
Acceso en línea:Acceso restringido

MARC

LEADER 00000ny a22000003n 4500
005 20110606105042.0
008 960513s1992 sp s 000 0 spa c
017 |a Z1346-92 
020 |a 9788476982037 
020 |a 9788476982044 
035 |a 1217 
040 |a UCM.DER  |d vLex 
040 |a UMA.DER  |d vLex 
080 |a 347(460) 
090 |c 472  |d 472 
100 1 |a Lacruz Berdejo, Jos ̌Luis 
245 1 0 |a Estudios de derecho privado comn︢ y foral.  |n T.I,  |p Parte general y reales  |h [Recurso electrn̤ico]  |c Jos ̌Luis Lacruz Berdejo ; publicacin̤ dirigida por Joaqun̕ Rams Albesa, Francisco Corral Dueąs 
256 |a Servicio en ln̕ea 
260 |a [Madrid?] :  |b Colegio de Registradores de la Propiedad y Mercantiles de Espaą, Centro de Estudios Registrales ;  |a Barcelona :  |b Bosch,  |c D.L. 1992 
300 |a 688 p. ;  |c 25 cm 
506 1 |a Contenido solo disponible en los productos indicados  |d vLex Global  |d vLex Global (Academic Edition, excluding Law Schools)  |d vLex Global (U.S. Academic Edition, Law Schools)  |d vLex Global (U.S. Academic Edition, excluding Law Schools)  |d vLex Global (Academic Edition, Law Schools) 
650 0 7 |a Penal  |2 Tesauro vLex 
650 0 7 |a Derecho foral  |2 Tesauro vLex 
650 0 7 |a Derecho privado  |2 Tesauro vLex 
700 1 |a Corral Dueąs, Francisco,  |e ed. lit 
700 1 |a Lacruz Bescs̤, Jos ̌Luis,  |e ed. lit 
700 1 |a Rams Albesa, Joaqun̕,  |e ed. lit 
710 2 |a Centro de Estudios Registrales (Espaą) 
740 0 |a vLex Libros (Servicios en ln̕ea) 
856 4 0 |u http://vlex.com/source/1217  |z Acceso restringido 
942 |c BOOK 
999 0 |a Criminal Law   |b Madrid